Organizaciones: estructura y proceso
Furkejuvvon:
| Váldodahkki: | |
|---|---|
| Materiálatiipa: | Girji |
| Giella: | espánnjágiella |
| Almmustuhtton: |
Bogotá
Prentice-Hall Internacional
1973
|
| Fáttát: | |
| Fáddágilkorat: |
Lasit fáddágilkoriid
Eai fáddágilkorat, Lasit vuosttaš fáddágilkora!
|
MARC
| LEADER | 00000nam a2200000 a 4500 | ||
|---|---|---|---|
| 001 | UCU6475 | ||
| 003 | CL-VaPUC | ||
| 008 | 960621e19730000CK |||||||||||||||||spa|d | ||
| 082 | 0 | 4 | |a 658.1 |b HAL |2 21 |
| 100 | |a Hall, Richard H |e author |9 364678 | ||
| 245 | 1 | 0 | |a Organizaciones: estructura y proceso |
| 300 | |a 331 p | ||
| 942 | |c BK | ||
| 945 | |d 19960621 00:00:00 |a cmena | ||
| 260 | |a Bogotá |b Prentice-Hall Internacional |c 1973 | ||
| 650 | 0 | |a Gestión |9 260993 | |
| 650 | 0 | |a Toma de decisiones |9 257530 | |
| 650 | 7 | |a MODELOS DE DECISION |2 CL-VaPUC |9 339654 | |
| 650 | 0 | |a Análisis de la información |9 306986 | |
| 650 | 7 | |a AYUDAS A LA DECISION |2 CL-VaPUC |9 339655 | |
| 650 | 7 | |a PLANIFICACION OPERACIONAL |2 CL-VaPUC |9 340981 | |
| 650 | 7 | |a PREVISION NORMATIVA |2 CL-VaPUC |9 364679 | |
| 583 | |a last modification |c 20160104 00:45:18 |k Rodrigo Vera | ||
| 999 | |c 249374 |d 249372 | ||
| 952 | |0 0 |1 0 |4 0 |6 658_100000000000000_HAL_1973 |7 0 |8 P |9 266605 |a BIBING |b BIBING |d 2019-11-19 |i 1688472 |o 658.1 HAL 1973 |p 1688472 |r 2025-01-20 |w 2019-11-19 |y BK |k EII | ||
| 952 | |0 0 |1 0 |4 0 |6 658_100000000000000_HAL_1973 |7 0 |8 A |9 266606 |a BIBGIM |b BIBGIM |d 2019-11-19 |i 1404067 |o 658.1 HAL 1973 |p 1404067 |r 2025-01-15 |w 2019-11-19 |y BK |k COM | ||